Statistics for Các họ phổ biến của người Việt Nam

Click here to take the quiz!

General Stats

  • This quiz has been taken 61 times
  • The average score is 14 of 25

Answer Stats

Tỉ lệHọ% Correct
8,2%
100%
31,2%Nguyễn
100%
9,1%Trần
100%
7,7%Phạm
90%
6,2%Vũ/Võ
90%
3,7%Bùi
81%
1,7%Đinh
81%
3,6%Hoàng/Huỳnh
76%
1,7%Ngô
71%
1,9%Phan
62%
2,3%Đặng
57%
1,0%Trương
57%
1,3%Dương
52%
0,6%Hồ
52%
1,0%Mai
52%
1,5%Trịnh
52%
0,9%Cao
48%
0,9%
43%
3,1%Đỗ
33%
1,3%Đào
33%
0,5%Chu/Châu
29%
0,8%Lương
29%
0,5%Tạ
19%
1,2%Đoàn
14%
0,5%Lưu
14%

Score Distribution

Percentile by Number Answered

Percent of People with Each Score

Your Score History

You have not taken this quiz